The festive play of Fernando Arrabal /

Bibliographic Details
Main Author: Arata, Luis Oscar, 1950-
Format: Book
Language:English
Published: Lexington, Ky. : University Press of Kentucky, [1982]
Series:Studies in Romance languages (Lexington, Ky.) ; 25.
Subjects:

MARC

Tag First Indicator Second Indicator Subfields
LEADER 00000pam a2200000 a 4500
001 in00000081240
005 20151008061007.0
008 811013s1982 kyu b 00110 eng
010 |a  81051020  
020 |a 0813114519 :  |c $9.50 
035 |a (OCoLC)07923418 
035 |a AAJ7058AM 
040 |a DLC  |c DLC  |d TXA  |d UtOrBLW 
049 |a TXAM  |c [802178] 
050 0 0 |a PQ2601.R65  |b Z56 
082 0 |a 842/.914  |2 19 
100 1 |a Arata, Luis Oscar,  |d 1950- 
245 1 4 |a The festive play of Fernando Arrabal /  |c Luis Oscar Arata. 
264 1 |a Lexington, Ky. :  |b University Press of Kentucky,  |c [1982] 
264 4 |c ©1982 
300 |a 104 pages ;  |c 23 cm. 
336 |a text  |b txt  |2 rdacontent 
337 |a unmediated  |b n  |2 rdamedia 
338 |a volume  |b nc  |2 rdacarrier 
490 1 |a Studies in Romance languages ;  |v 25 
500 |a Includes index. 
504 |a Bibliography: pages [95]-101. 
536 |a From the library of Harrison T. Meserole, 2002. 
600 1 0 |a Arrabal, Fernando  |x Criticism and interpretation. 
830 0 |a Studies in Romance languages (Lexington, Ky.) ;  |v 25. 
999 |a MARS 
999 f f |s 2278f0cf-f663-3707-96bf-488cee4444e1  |i 0aa3f737-bf73-3f0a-8405-9d449a765f7b  |t 0 
952 f f |p ric  |a Texas A&M University  |b Rellis Campus  |c Joint Library Facility  |s JLF  |d Remote Storage  |t 0  |e PQ2601.R65 Z56  |h Library of Congress classification  |i unmediated -- volume  |m A14829813469 
998 f f |a PQ2601.R65 Z56  |t 0  |l Remote Storage